| 000 | 00636nam a22001937a 4500 | ||
|---|---|---|---|
| 003 | OSt | ||
| 005 | 20250822023342.0 | ||
| 008 | 250822b |||||||| |||| 00| 0 eng d | ||
| 020 | _a 0-7817-4042-8. | ||
| 040 | _cOC | ||
| 082 | _aCirc. 610.73 L663c 2004 | ||
| 100 | _aLipe, S. | ||
| 245 |
_aCritical thinking in nursing : _ba cognitive skills workbook |
||
| 260 |
_aPhiladelphia : _bLippincott Williams & Wilkins, _cc2004. |
||
| 300 |
_axii, 337 pages : _b illustration ; _c 27 cm. |
||
| 650 | _2Nursing. | ||
| 700 | _aBeasley, Sharon | ||
| 942 |
_2ddc _cBK-CIRC _hCirc. 610.73 L663c 2004 _kCirc. _n0 |
||
| 999 |
_c4150 _d4150 |
||